|
|
|
|
| LEADER |
00000nam a22000007a 4500 |
| 003 |
MU |
| 005 |
20220517053651.0 |
| 008 |
220517b |||||||| |||| 00| 0 eng d |
| 020 |
|
|
|a 9780754649700
|c Tzs 49,960/=
|
| 040 |
|
|
|a MU Library
|b Eng.
|c AACR
|
| 050 |
|
|
|a K100
|
| 082 |
|
|
|2 22
|a 340.71 MAH
|b 1
|
| 100 |
|
|
|a Maharg, Paul
|
| 245 |
|
|
|a Transforming legal education
|b : learning and teaching the law in the early twenty-first century
|c /Paul Maharg
|
| 260 |
|
|
|a London:
|b Routledge
|c c2007.
|
| 300 |
|
|
|a xi, 346p.
|b ill.;
|c 24cm.
|
| 500 |
|
|
|a Includes references and index p. 293-346.
|
| 650 |
|
|
|a Law-Studyingand teaching (Higher)
|v Interdisciplinary approach in education
|
| 651 |
|
|
|a Law studying and teaching -USA
|v Law studying and teaching - Great Britain
|
| 942 |
|
|
|2 ddc
|c BK
|n 0
|
| 999 |
|
|
|c 9
|d 9
|